| 000 | 00335nam a22001217a 4500 | ||
|---|---|---|---|
| 082 | _aCP-40 | ||
| 100 |
_aWaqas Azhar Khan, Maj _950913 |
||
| 245 |
_aEngineering Hydrology CE-454 _bWaqas Azhar Khan, Maj _cCourse Pack |
||
| 250 | _aFall Semester 2015 | ||
| 260 |
_aRisalpur, _bMCE, _c2016. |
||
| 526 |
_a0 _b0 _c0 _dCP_40 |
||
| 942 |
_2ddc _cBKB |
||
| 999 |
_c553666 _d553666 |
||